000 00335cam a22001097a 4500
008 180718b1965 xxu||||| |||| 00| 0 eng d
082 _aC4x54 P192
245 _aConstitution of India: as amended uptodate
_cedited by Kailash Pandey
260 _aNew Delhi
_bGuide Publications
_c1965
300 _axxxviii, 444p
700 _aPandey, Kailash
999 _c423353
_d423353